• Redero San Román, Manuel

di Personal Name

Records bibliografici associati: 4

001 - CONTROL NUMBER

  • control field: 18160

003 - CONTROL NUMBER IDENTIFIER

  • control field: IT-RoINE

005 - DATE AND TIME OF LATEST TRANSACTION

  • control field: 20150413102438.0

008 - FIXED-LENGTH DATA ELEMENTS

  • fixed length control field: 150413|| aca||aabn | a|a d

040 ## - CATALOGING SOURCE

  • Original cataloging agency: IT-RoINE
  • Transcribing agency: IT-RoINE

100 ## - HEADING--PERSONAL NAME

  • Personal name: Redero San Román, Manuel

670 ## - SOURCE DATA FOUND

  • Source citation: Work cat.: (IT-RoINE)0: Castilla y León en la historia contemporánea /, 2009.